| 000 | 00726nam a2200241Ia 4500 | ||
|---|---|---|---|
| 005 | 20260430150429.0 | ||
| 008 | 008 250103s9999 xx 000 0 eng d | ||
| 037 | _aTheses | ||
| 040 | _aCRL | ||
| 040 | _beng | ||
| 040 | _ceng | ||
| 041 | _2eng | ||
| 041 | _aeng | ||
| 084 | _qCRL | ||
| 100 |
_aBabuta Priyanka Au.; Deswal Renu Gu. _91237483 |
||
| 245 | 0 | _aGenome Wide Identification of S-Nitrosogluthione Reductase (GSNOR) & NAPDH-Dependent Thioredoxin Reductase (NTR); and Characterization of GSNOR from Brassica Juncea | |
| 260 | _c2023 | ||
| 300 | _a147p. | ||
| 650 | _aBotany | ||
| 700 |
_aUniversity of Delhi. Faculty of Science. Deptt. of Botany _91237477 |
||
| 942 | _cTH | ||
| 999 |
_c1849761 _d1849761 |
||